000
00201nam a2200085Ia 4500
008
200302s9999 xx 000 0 und d
100
_a
Robert K Cooper
245
_a
The performrnce edge
260
_b
Publisher
999
_c
740
_d
740